00509nam a22001457a 450000500170000000800410001702000180005804000100007608200260008610000200011224500650013226000680019730000230026565000750028820260218163829.0260218b |||||||| |||| 00| 0 eng d a9789387791299 cVITAP 223rd Ed.a294.561 HIN aThe Hindu Group aSree Narayana Guru : The Sage of Sivagiric/ The Hindu Group aChennaibTHG (The Hindu Group) Publishing Private Limitedc2018 a96p. : ill. ; 30cm 0aSree Narayana Guru - Biography; Religious leaders - India - Biography